000 01355cam a22003014a 4500
001 16144014
005 20110208102209.0
008 100319s2011 maua b 001 0 eng
010 _a 2010010381
020 _a0205595448 (alk. paper)
020 _a9780205595440 (alk. paper)
040 _aDLC
_cDLC
_dDLC
043 _an-us---
050 0 0 _aHM1221
_b.K48 2011
082 0 0 _a659.2
_222
_bKEN
100 1 _aKent, Michael L.
_923242
245 1 0 _aPublic Relations Writing :
_bA Rhetorical Approach /
_cMichael L. Kent.
260 _aBoston :
_bAllyn & Bacon, 2011
_c2011.
300 _axv, 343 p. :
_bill. ;
_c26 cm.
504 _aIncludes bibliographical references and index.
650 0 _aPublic relations
_zUnited States.
_923243
650 0 _aPublic relations
_zUnited States
_xAuthorship.
_923244
942 _2ddc
_cBB
999 _c15160
_d15160